Byzantium and the early Islamic conquests /

محفوظ في:

المؤلف الرئيسي: Kaegi, Walter Emil (مؤلف)

التنسيق: كتاب

اللغة: English

منشور في: Cambridge : [Cambridge University Press], 2000.

الطبعة: 1st paperback edition.

الموضوعات:

الوسوم: إضافة وسم

لا توجد وسوم, كن أول من يضع وسما على هذه التسجيلة!

رقم الطلب: DF553 .K34 2000

LEADER 00841namaa2200265 4500
001 22208
003 OSt
005 20260108095612.0
008 130303r20001995enkb 000 0 eng d
020 |a 0521484553 
040 |c ARCE Library 
043 |a mm-----  |a aw-----  |a ff----- 
050 4 |a DF553 .K34 2000 
100 1 |a Kaegi, Walter Emil,  |e author  |9 33482 
245 1 0 |a Byzantium and the early Islamic conquests /  |c Walter E. Kaegi. 
250 |a 1st paperback edition. 
264 1 |a Cambridge :  |b [Cambridge University Press],  |c 2000. 
300 |a xiii, 313 pages :   |b map ;   |c 23 cm. 
504 |a Includes bibliographical references (p. [288]-305) and index. 
555 |a Sara.lib 
651 0 |a Byzantine Empire  |x History  |y 527-1081. 
651 0 |a Islamic Empire  |x History  |y 622-661. 
901 |a reviewed 
942 |c BK  |2 lcc 
999 |c 20807  |d 20807